LEADER 03462nam 2200673Ia 450 001 9910453992603321 005 20200520144314.0 010 $a1-282-06982-9 010 $a9786612069826 010 $a0-226-24179-3 024 7 $a10.7208/9780226241791 035 $a(CKB)1000000000725209 035 $a(EBL)432217 035 $a(OCoLC)646810199 035 $a(SSID)ssj0000339024 035 $a(PQKBManifestationID)11261195 035 $a(PQKBTitleCode)TC0000339024 035 $a(PQKBWorkID)10299374 035 $a(PQKB)10865979 035 $a(MiAaPQ)EBC432217 035 $a(DE-B1597)535506 035 $a(OCoLC)781292105 035 $a(DE-B1597)9780226241791 035 $a(Au-PeEL)EBL432217 035 $a(CaPaEBR)ebr10288706 035 $a(CaONFJC)MIL206982 035 $a(EXLCZ)991000000000725209 100 $a19820614d1983 uy 0 101 0 $aeng 135 $aurcn||||||||| 181 $ctxt 182 $cc 183 $acr 200 10$aInflation, tax rules, and capital formation$b[electronic resource] /$fMartin Feldstein 210 $aChicago ;$aLondon $cUniversity of Chicago Press$d1983 215 $a1 online resource (311 p.) 225 1 $aA National Bureau of Economic Research monograph 300 $aDescription based upon print version of record. 311 $a0-226-24085-1 320 $aIncludes bibliographical references (p. 287-296) and index. 327 $tFrontmatter -- $tRelation of the Directors to the Work and Publications of the National Bureau of Economic Research -- $tContents -- $tPreface -- $t1. An Introductory Overview -- $t2. A Summary of the Theoretical Models -- $t3. Inflation, Income Taxes, and the Rate of Interest: A Theoretical Analysis -- $t4. Inflation and Taxes in a Growing Economy with Debt and Equity Finance -- $t5. Fiscal Policies, Inflation, and Capital Formation -- $t6. Inflation, Tax Rules, and the Accumulation of Residential and Nonresidential Capital -- $t7. Inflation and the Excess Taxation of Capital Gains on Corporate Stock -- $t8. Inflation and the Taxation of Capital Income in the Corporate Sector -- $t9. Inflation, Tax Rules, and the Long-term Interest Rate -- $t10. Inflation and the Stock Market -- $t11. Inflation, Tax Rules, and the Stock Market -- $t12. Inflation, Tax Rules, and the Prices of Land and Gold -- $t13. Inflation, Portfolio Choice, and the Prices of Land and Corporate Stock -- $t14. Inflation, Tax Rules, and Investment: Some Econometric Evidence -- $tReferences -- $tIndex 330 $aInflation, Tax Rules, and Capital Formation brings together fourteen papers that show the importance of the interaction between tax rules and monetary policy. Based on theoretical and empirical research, these papers emphasize the importance of including explicit specifications of the tax system in such study. 410 0$aNational Bureau of Economic Research monograph. 606 $aInflation (Finance) 606 $aTaxation$xEffect of inflation on 606 $aSaving and investment 608 $aElectronic books. 615 0$aInflation (Finance) 615 0$aTaxation$xEffect of inflation on. 615 0$aSaving and investment. 676 $a332.4/1 700 $aFeldstein$b Martin S$088785 801 0$bMiAaPQ 801 1$bMiAaPQ 801 2$bMiAaPQ 906 $aBOOK 912 $a9910453992603321 996 $aInflation, tax rules, and capital formation$92212896 997 $aUNINA LEADER 02011nam 2200385 450 001 9910734365303321 005 20230815111208.0 035 $a(CKB)5470000002907657 035 $a(NjHacI)995470000002907657 035 $a(EXLCZ)995470000002907657 100 $a20230815d2023 uy 0 101 0 $aeng 135 $aur||||||||||| 181 $ctxt$2rdacontent 182 $cc$2rdamedia 183 $acr$2rdacarrier 200 00$aCoronary syndrome $eclinical treatment, prevention and management for better outcomes /$fedited by Atsushi Tanaka, Koichi Node 210 1$a[Place of publication not identified] :$cMultidisciplinary Digital Publishing Institute,$d2023. 215 $a1 online resource (202 pages) 311 $a3-0365-7913-3 330 $aThis book focuses on recent advances in the clinical care of patients with acute and chronic coronary syndromes. We must accumulate novel scientific and clinical knowledge in this field to develop seamless treatments and preventive strategies for this patient population. Furthermore, accumulated data have implicated that there are some residual risk factors for coronary syndromes, and the clinical management of cardiovascular/non-cardiovascular complications associated with coronary syndromes is also a critical concern. We hope that this book will facilitate the management of future patients with coronary syndromes; however, further research is still required. It is also our hope that this book will promote future research to enable a better understanding of the clinical practice of coronary syndromes. 517 $aCoronary Syndrome 606 $aCoronary heart disease 606 $aVentricular fibrillation 615 0$aCoronary heart disease. 615 0$aVentricular fibrillation. 676 $a616.123 702 $aNode$b Koichi 702 $aTanaka$b Atsushi 801 0$bNjHacI 801 1$bNjHacl 906 $aBOOK 912 $a9910734365303321 996 $aCoronary syndrome$93422000 997 $aUNINA